00981nam a22002411 45000010005000000030008000050050017000130080039000300350018000690400032000870410008001190820025001271000032001522450100001842600037002843000045003216500023003667000043003899420012004329990015004449520132004599520148005917218BD-RjUL20211208234400.0130114s1963 nyua 000 0 eng a(BD-RjUL)7260 aDLCcDLCdDLCdBD-RjULbeng aeng00a311.07219bMCS 19631 aMcCollough, Celeste.92257610aStatistical concepts:ba program for self-instruction /cCeleste McCollough and Loche Van Atta. aNew York :bMcGraw-Hill,cc1963. axv, 367 p. :bdiagrs., tables. ;c24 cm. 0aStatistics.9225771 aVan Atta, Loche,ejoint author.922578 2ddccBK c7218d7218 00102ddc4070aRUCLbRUCLcstackd1965-11-25eZeitlingerg58.00l0o311.07 MCS 1963r2014-01-13 00:00:00tC-2w2014-01-13yBK 00102ddc40708NFICaRUCLbRUCLcStackd1965-11-18eNational Book agencyg19.75l0o311.07 MCS 1963r2016-08-31 00:00:00tC-3w2016-08-31yBK